00340 a2200121 450000100060000010000160000624500360002226000180005809000170007694200220009399900190011595200840013425822 aSidhwa, J B aTextbook of Inorganic Chemistry abIqbal Pubc c17449d17449 aNUST-CAEcMc8279 c260895d260895 001040708NFICaCAEbCAEd2017-04-03l0pCAE11056r2017-04-05w2017-04-05yBK